Normal view
MARC view
- Wright, Vinita Hampton,
Entry Personal Name
001 - CONTROL NUMBER
- control field: 98638
003 - CONTROL NUMBER IDENTIFIER
- control field: NUST
005 - DATE AND TIME OF LATEST TRANSACTION
- control field: 20220829160402.0
008 - FIXED-LENGTH DATA ELEMENTS
- fixed length control field: 220829|| aca||aabn | a|a d
040 ## - CATALOGING SOURCE
- Original cataloging agency: NUST
- Transcribing agency: NUST
100 ## - HEADING--PERSONAL NAME
- Personal name: Wright, Vinita Hampton,
- Dates associated with a name: 1958-
670 ## - SOURCE DATA FOUND
- Source citation: Work cat.: (NUST)174574: Dickens, Charles, 1812-1870. 12180, A Dickens Christmas collection /, 1995.
